Statistics for Song Titles by Opposites

Click here to take the quiz!

General Stats

  • This quiz has been taken 14 times
  • The average score is 5 of 15

Answer Stats

HintAnswer% Correct
Draw It WhitePaint It Black
93%
Nobody Doesn't Desire To Free The UniverseEverybody Wants To Rule The World
71%
Worst Night Of Your DeathBest Day Of My Life
57%
Tastes Unlike Old FleshSmells Like Teen Spirit
57%
PeasantsRoyals
50%
Calmest NightmaresWildest Dreams
43%
Universe's Biggest CelloWorld's Smallest Violin
29%
Patroclus Go UpAchilles Come Down
14%
A Single DayA Thousand Years
14%
Gift You From HellTake Me to Church
14%
Morir La MuerteViva La Vida
14%
Joseph Under a PentagramMary on a Cross
7%
Docile HateStubborn Love
7%
Do Absolve YouDon't Blame Me
0%
You Won't ProceedI Will Wait
0%

Score Distribution

Percentile by Number Answered

Percent of People with Each Score

Your Score History

You have not taken this quiz